000 01122nam a2200229Ia 4500
999 _c41028
_d41028
001 7677
003 GE_BSU
005 20240124110828.0
008 181216s2008||||ge |||||||||||||| ||geo||
020 _a9789994059911
040 _cGE_BSU
041 _ageo
080 _a091+016 პ–38
245 _aპირადი არქივების აღწერილობა 1 :
_bელენე მეტრეველის პირადი არქივების აღწერილობა /
_cრედ. ელენე ჩაგელიშვილი ; მთ რედ. ბუბა კუდავა.
250 _aმე–2 შესწორ. გამოცემა
264 _aთბილისი :
_bარტანუჯი,
_c2008.
300 _a431 გვ. ;
_c20 სმ.
653 _aპირადი არქივების აღწერილობა
700 _aჩაგელიშვილი, ელენე
_eრედაქტორი
_921102
700 _aკუდავა, ბუბა
_eმთ. რედაქტორი
_93540
942 _cBK
_2udc